000 00323nam a22001457a 4500
003 OSt
005 20220204153647.0
008 220204b |||||||| |||| 00| 0 eng d
020 _a8121901324
040 _cH U
082 _a621.8
100 _aKhurmi R. S.
_911734
245 _aTheory Of Machines
942 _2ddc
_cBOOKS
_n0
999 _c29334
_d29334